000 00863cab a2200277 4500
001 ABS54270
008 090401t1995 xxu||||| |||| 00| 0 eng d
035 _a(Sirsi) u9433
041 _aeng
100 _aLey, T.
245 _aTraditional crafts updated : thatching and cob
260 _c1995
350 _a0
490 _aStructural Survey
_v13(4) 1995, 4-12(9)
520 _aExamines in detail the use of thatch and cob in traditional buildings, giving a history of their use, an outline of defects and how to repair them.
650 _aBUILDING CONSERVATION
650 _aBUILDING REGULATIONS
_96224
650 _aCOB WALLING
650 _aDEVON EARTH BUILDING ASSOCIATION
650 _aFIRE
650 _aTHATCH ROOFS
650 _aTHERMAL INSULATION
690 _aBUILT ENVIRONMENT-BUILDING MATERIALS
942 _n0
948 _c04/03/1997
999 _c5890
_d5890